<?xml version="1.0" encoding="UTF-8"?>
<resp>
  <nextPage>https://data.bn.org.pl/api/networks/bibs.marcxml?marc=001+b1000002689698&amp;sinceId=1000002689699</nextPage>
  <collection>
    <record xmlns='http://www.loc.gov/MARC21/slim'><leader>13851nam a2202929 i 4500</leader><controlfield tag='001'>b1000002689698</controlfield><controlfield tag='005'>20260423104358.7</controlfield><controlfield tag='008'>221025s2022    pl            000 f pol c</controlfield><controlfield tag='009'>9912847777205606</controlfield><datafield ind1=' ' ind2=' ' tag='015'><subfield code='a'>UWD 2022/36827</subfield></datafield><datafield ind1=' ' ind2=' ' tag='020'><subfield code='a'>9788382802665</subfield><subfield code='q'>(oprawa miękka) :</subfield><subfield code='c'>zł 44,90</subfield></datafield><datafield ind1=' ' ind2=' ' tag='035'><subfield code='a'>(PL)b1000002689698</subfield></datafield><datafield ind1=' ' ind2=' ' tag='040'><subfield code='d'>WA N</subfield><subfield code='d'>KIEL W</subfield><subfield code='d'>KR U</subfield><subfield code='d'>OLSZT W</subfield><subfield code='d'>LUBL KUL</subfield><subfield code='d'>ZDU_1</subfield><subfield code='d'>ELBLAG M</subfield><subfield code='d'>WA N</subfield><subfield code='d'>ELBLAG M</subfield><subfield code='d'>ZDU_1</subfield><subfield code='d'>ZDU_1</subfield><subfield code='d'>ZDU_1</subfield><subfield code='d'>ZDU_1</subfield><subfield code='d'>Ł M</subfield><subfield code='d'>POZN M</subfield></datafield><datafield ind1=' ' ind2=' ' tag='046'><subfield code='k'>2022</subfield></datafield><datafield ind1=' ' ind2=' ' tag='080'><subfield code='a'>821.162.1-3</subfield></datafield><datafield ind1=' ' ind2=' ' tag='084'><subfield code='a'>05</subfield></datafield><datafield ind1='1' ind2=' ' tag='100'><subfield code='a'>Tekieli, Joanna</subfield><subfield code='e'>Autor</subfield></datafield><datafield ind1='1' ind2='0' tag='245'><subfield code='a'>Zaczarowana zima w Olszowym Jarze /</subfield><subfield code='c'>Joanna Tekieli.</subfield></datafield><datafield ind1=' ' ind2=' ' tag='250'><subfield code='a'>Wydanie I.</subfield></datafield><datafield ind1=' ' ind2=' ' tag='260'><subfield code='a'>Poznań :</subfield><subfield code='b'>Filia,</subfield><subfield code='c'>2022.</subfield></datafield><datafield ind1=' ' ind2=' ' tag='300'><subfield code='a'>365, [3] strony ;</subfield><subfield code='c'>21 cm.</subfield></datafield><datafield ind1=' ' ind2=' ' tag='336'><subfield code='a'>Tekst</subfield><subfield code='b'>txt</subfield><subfield code='2'>rdacontent</subfield></datafield><datafield ind1=' ' ind2=' ' tag='337'><subfield code='a'>Bez urządzenia pośredniczącego</subfield><subfield code='b'>n</subfield><subfield code='2'>rdamedia</subfield></datafield><datafield ind1=' ' ind2=' ' tag='338'><subfield code='a'>Wolumin</subfield><subfield code='b'>nc</subfield><subfield code='2'>rdacarrier</subfield></datafield><datafield ind1=' ' ind2=' ' tag='380'><subfield code='a'>Książki</subfield></datafield><datafield ind1=' ' ind2=' ' tag='380'><subfield code='a'>Proza</subfield></datafield><datafield ind1=' ' ind2=' ' tag='386'><subfield code='m'>Przynależność kulturowa</subfield><subfield code='a'>Literatura polska</subfield></datafield><datafield ind1='1' ind2=' ' tag='388'><subfield code='a'>2001-</subfield></datafield><datafield ind1='1' ind2=' ' tag='490'><subfield code='a'>Olszowy Jar / Joanna Tekieli ;</subfield><subfield code='v'>1</subfield></datafield><datafield ind1=' ' ind2=' ' tag='500'><subfield code='a'>Stanowi cz. 1 cyklu.</subfield></datafield><datafield ind1=' ' ind2='7' tag='650'><subfield code='a'>Powroty</subfield><subfield code='2'>DBN</subfield></datafield><datafield ind1=' ' ind2='7' tag='650'><subfield code='a'>Relacje międzyludzkie</subfield><subfield code='2'>DBN</subfield></datafield><datafield ind1=' ' ind2='7' tag='655'><subfield code='a'>Powieść</subfield><subfield code='2'>DBN</subfield></datafield><datafield ind1='2' ind2=' ' tag='710'><subfield code='a'>Wydawnictwo Filia</subfield><subfield code='e'>Wydawca</subfield><subfield code='4'>pbl</subfield></datafield><datafield ind1='1' ind2=' ' tag='800'><subfield code='a'>Tekieli, Joanna.</subfield><subfield code='t'>Olszowy Jar</subfield><subfield code='v'>1</subfield></datafield><datafield ind1=' ' ind2=' ' tag='852'><subfield code='b'>48OMNIS_LIS</subfield><subfield code='8'>991000252345907908</subfield></datafield><datafield ind1=' ' ind2=' ' tag='852'><subfield code='8'>226327550007911</subfield><subfield code='j'>1</subfield><subfield code='b'>JAN_3_1</subfield><subfield code='p'>DZW19579</subfield><subfield code='c'>GBPOK</subfield></datafield><datafield ind1=' ' ind2=' ' tag='852'><subfield code='8'>2211651020008216</subfield><subfield code='j'>1</subfield><subfield code='b'>KR_4_4</subfield><subfield code='p'>KR_4_0010926</subfield><subfield code='c'>KR_4_4_1</subfield></datafield><datafield ind1=' ' ind2=' ' tag='852'><subfield code='8'>227841440008216</subfield><subfield code='j'>0</subfield><subfield code='b'>KR_5_1</subfield><subfield code='p'>KR_5_0002593</subfield><subfield code='c'>BG_KS</subfield></datafield><datafield ind1=' ' ind2=' ' tag='852'><subfield code='8'>2211608880008216</subfield><subfield code='j'>1</subfield><subfield code='b'>KR_4_1</subfield><subfield code='p'>KR_4_0010874</subfield><subfield code='c'>KR_4_1_1</subfield></datafield><datafield ind1=' ' ind2=' ' tag='852'><subfield code='8'>229580100008216</subfield><subfield code='j'>1</subfield><subfield code='b'>KR_2_2</subfield><subfield code='p'>KR_2_20000001</subfield><subfield code='c'>KR_2_2_1</subfield></datafield><datafield ind1=' ' ind2=' ' tag='852'><subfield code='8'>229709430008216</subfield><subfield code='j'>1</subfield><subfield code='b'>KR_7_1</subfield><subfield code='p'>KR_7_0001166</subfield><subfield code='c'>KR_7_1_1</subfield></datafield><datafield ind1=' ' ind2=' ' tag='852'><subfield code='8'>2216857780008007</subfield><subfield code='j'>1</subfield><subfield code='b'>KRA_5</subfield><subfield code='p'>KRA_5_03122</subfield><subfield code='c'>KRA_5_1</subfield></datafield><datafield ind1=' ' ind2=' ' tag='852'><subfield code='8'>229898540008007</subfield><subfield code='j'>0</subfield><subfield code='b'>KRA_4</subfield><subfield code='p'>000005999900</subfield><subfield code='c'>KRA_4_1</subfield></datafield><datafield ind1=' ' ind2=' ' tag='852'><subfield code='8'>229246360008007</subfield><subfield code='j'>1</subfield><subfield code='b'>KRA_1_2</subfield><subfield code='p'>FILIAS004430</subfield><subfield code='c'>KRA_1_2_1</subfield></datafield><datafield ind1=' ' ind2=' ' tag='852'><subfield code='8'>227794510007908</subfield><subfield code='j'>1</subfield><subfield code='b'>LIS_2_2</subfield><subfield code='p'>221000291568</subfield><subfield code='c'>BP_B</subfield></datafield><datafield ind1=' ' ind2=' ' tag='852'><subfield code='8'>227144000007908</subfield><subfield code='j'>1</subfield><subfield code='b'>LIS_2_1</subfield><subfield code='p'>220000316134</subfield><subfield code='c'>BP_T</subfield></datafield><datafield ind1=' ' ind2=' ' tag='852'><subfield code='8'>225137110007908</subfield><subfield code='j'>1</subfield><subfield code='b'>LIS_1_1</subfield><subfield code='p'>115000345751</subfield><subfield code='c'>GBP</subfield></datafield><datafield ind1=' ' ind2=' ' tag='852'><subfield code='8'>229678380007907</subfield><subfield code='j'>1</subfield><subfield code='b'>OPO_6</subfield><subfield code='p'>OPO_6_000706</subfield><subfield code='c'>DOR_WYP</subfield></datafield><datafield ind1=' ' ind2=' ' tag='852'><subfield code='8'>2213229870007907</subfield><subfield code='j'>1</subfield><subfield code='b'>OPO_3_1</subfield><subfield code='p'>L23192</subfield><subfield code='c'>WYP-WD</subfield></datafield><datafield ind1=' ' ind2=' ' tag='852'><subfield code='8'>2210677020007907</subfield><subfield code='j'>1</subfield><subfield code='b'>OPO_1</subfield><subfield code='p'>P01757</subfield><subfield code='c'>PBP</subfield></datafield><datafield ind1=' ' ind2=' ' tag='852'><subfield code='8'>229999810007907</subfield><subfield code='j'>1</subfield><subfield code='b'>OPO_5</subfield><subfield code='p'>W01322</subfield><subfield code='c'>GBP</subfield></datafield><datafield ind1=' ' ind2=' ' tag='852'><subfield code='8'>227051190007912</subfield><subfield code='j'>0</subfield><subfield code='b'>PAR_3_1</subfield><subfield code='p'>120000239368</subfield><subfield code='c'>GBP_KS</subfield></datafield><datafield ind1=' ' ind2=' ' tag='852'><subfield code='8'>228024220007912</subfield><subfield code='j'>1</subfield><subfield code='b'>PAR_2_2</subfield><subfield code='p'>304000068306</subfield><subfield code='c'>FG</subfield></datafield><datafield ind1=' ' ind2=' ' tag='852'><subfield code='8'>227293960007912</subfield><subfield code='j'>1</subfield><subfield code='b'>PAR_1_1</subfield><subfield code='p'>PAR_1_1_03323</subfield><subfield code='c'>MGBP</subfield></datafield><datafield ind1=' ' ind2=' ' tag='852'><subfield code='8'>2213996540007910</subfield><subfield code='j'>1</subfield><subfield code='b'>RAD_5_1</subfield><subfield code='p'>RAD_5_000271</subfield><subfield code='c'>GBP</subfield></datafield><datafield ind1=' ' ind2=' ' tag='852'><subfield code='8'>2222169990007910</subfield><subfield code='j'>1</subfield><subfield code='b'>RAD_4_4</subfield><subfield code='p'>RAD_4_005566</subfield><subfield code='c'>FP</subfield></datafield><datafield ind1=' ' ind2=' ' tag='852'><subfield code='8'>2213640000007910</subfield><subfield code='j'>1</subfield><subfield code='b'>RAD_2_1</subfield><subfield code='p'>217000249739</subfield><subfield code='c'>GBP</subfield></datafield><datafield ind1=' ' ind2=' ' tag='852'><subfield code='8'>2214346480007910</subfield><subfield code='j'>1</subfield><subfield code='b'>RAD_2_2</subfield><subfield code='p'>RAD_2_000169</subfield><subfield code='c'>FD</subfield></datafield><datafield ind1=' ' ind2=' ' tag='852'><subfield code='8'>226452610008218</subfield><subfield code='j'>0</subfield><subfield code='b'>TL_4_1</subfield><subfield code='p'>043721WD</subfield><subfield code='c'>TL_4_1_1</subfield></datafield><datafield ind1=' ' ind2=' ' tag='852'><subfield code='8'>2228845070007766</subfield><subfield code='j'>1</subfield><subfield code='b'>F3_ZAM_1</subfield><subfield code='p'>10390695</subfield><subfield code='c'>ZAM1_F3_M</subfield><subfield code='z'>26320F3</subfield></datafield><datafield ind1=' ' ind2=' ' tag='852'><subfield code='8'>2228831550007766</subfield><subfield code='j'>0</subfield><subfield code='b'>F4_ZAM_1</subfield><subfield code='p'>10399774</subfield><subfield code='c'>ZAM1_F4_M</subfield><subfield code='z'>31510F4</subfield></datafield><datafield ind1=' ' ind2=' ' tag='852'><subfield code='8'>22800468590008210</subfield><subfield code='j'>1</subfield><subfield code='b'>C</subfield><subfield code='p'>12116627</subfield><subfield code='c'>lokC</subfield></datafield><datafield ind1=' ' ind2=' ' tag='852'><subfield code='8'>22800468790008210</subfield><subfield code='j'>1</subfield><subfield code='b'>F12</subfield><subfield code='p'>11089472</subfield><subfield code='c'>lok12</subfield></datafield><datafield ind1=' ' ind2=' ' tag='852'><subfield code='8'>22800488570008210</subfield><subfield code='j'>1</subfield><subfield code='b'>F03</subfield><subfield code='p'>12112246</subfield><subfield code='c'>lok03</subfield></datafield><datafield ind1=' ' ind2=' ' tag='852'><subfield code='8'>22800468750008210</subfield><subfield code='j'>0</subfield><subfield code='b'>F14</subfield><subfield code='p'>12105408</subfield><subfield code='c'>lok14</subfield></datafield><datafield ind1=' ' ind2=' ' tag='852'><subfield code='8'>22800468770008210</subfield><subfield code='j'>1</subfield><subfield code='b'>F15</subfield><subfield code='p'>11086639</subfield><subfield code='c'>lok15</subfield></datafield><datafield ind1=' ' ind2=' ' tag='852'><subfield code='8'>22800468730008210</subfield><subfield code='j'>1</subfield><subfield code='b'>F18</subfield><subfield code='p'>11050975</subfield><subfield code='c'>lok18</subfield></datafield><datafield ind1=' ' ind2=' ' tag='852'><subfield code='8'>22800468650008210</subfield><subfield code='j'>0</subfield><subfield code='b'>F06</subfield><subfield code='p'>12107452</subfield><subfield code='c'>lok06</subfield></datafield><datafield ind1=' ' ind2=' ' tag='852'><subfield code='8'>22800468630008210</subfield><subfield code='j'>1</subfield><subfield code='b'>F11</subfield><subfield code='p'>12111533</subfield><subfield code='c'>lok11</subfield></datafield><datafield ind1=' ' ind2=' ' tag='852'><subfield code='8'>22800468610008210</subfield><subfield code='j'>1</subfield><subfield code='b'>F13</subfield><subfield code='p'>11054968</subfield><subfield code='c'>lok13</subfield></datafield><datafield ind1=' ' ind2=' ' tag='852'><subfield code='8'>22800488430008210</subfield><subfield code='j'>0</subfield><subfield code='b'>F08</subfield><subfield code='p'>12144591</subfield><subfield code='c'>lok08</subfield></datafield><datafield ind1=' ' ind2=' ' tag='852'><subfield code='8'>22800468710008210</subfield><subfield code='j'>1</subfield><subfield code='b'>F01</subfield><subfield code='p'>12104541</subfield><subfield code='c'>lok01</subfield></datafield><datafield ind1=' ' ind2=' ' tag='852'><subfield code='8'>22800468810008210</subfield><subfield code='j'>1</subfield><subfield code='b'>F10</subfield><subfield code='p'>12192743</subfield><subfield code='c'>lok10</subfield></datafield><datafield ind1=' ' ind2=' ' tag='852'><subfield code='8'>22603976150005067</subfield><subfield code='j'>0</subfield><subfield code='h'>B 861955 I</subfield><subfield code='b'>BJ</subfield><subfield code='p'>1003150910</subfield><subfield code='c'>BJ_MAG</subfield></datafield><datafield ind1=' ' ind2=' ' tag='852'><subfield code='8'>22603976230005067</subfield><subfield code='j'>1</subfield><subfield code='h'>1.044.315 I A</subfield><subfield code='b'>BJ</subfield><subfield code='p'>1003150909</subfield><subfield code='c'>BJ_EGZ_A</subfield></datafield><datafield ind1=' ' ind2=' ' tag='852'><subfield code='8'>22425176060006926</subfield><subfield code='j'>1</subfield><subfield code='h'>MG_bg</subfield><subfield code='b'>TORU</subfield><subfield code='p'>300052487149</subfield><subfield code='c'>MG_bg</subfield></datafield><datafield ind1=' ' ind2=' ' tag='852'><subfield code='8'>22802849600008206</subfield><subfield code='j'>1</subfield><subfield code='b'>UOP</subfield><subfield code='p'>654782</subfield><subfield code='c'>MAG01</subfield></datafield><datafield ind1=' ' ind2=' ' tag='852'><subfield code='8'>221029764550008831</subfield><subfield code='j'>1</subfield><subfield code='b'>5100-BUW</subfield><subfield code='p'>1001338324</subfield><subfield code='c'>10000</subfield><subfield code='z'> ## rok wyd. : 2022.</subfield></datafield><datafield ind1=' ' ind2=' ' tag='852'><subfield code='8'>2248844870007665</subfield><subfield code='j'>1</subfield><subfield code='b'>48WBPOWYP</subfield><subfield code='p'>000-163164-C</subfield><subfield code='c'>WYPWYP</subfield></datafield><datafield ind1=' ' ind2=' ' tag='852'><subfield code='8'>2258697730005069</subfield><subfield code='j'>1</subfield><subfield code='h'>111435 W</subfield><subfield code='b'>LUBL_M</subfield><subfield code='p'>1001045461</subfield><subfield code='c'>30005</subfield><subfield code='z'>oprawa miękka</subfield></datafield><datafield ind1=' ' ind2=' ' tag='852'><subfield code='8'>22874379060008836</subfield><subfield code='j'>1</subfield><subfield code='b'>WBPL</subfield><subfield code='p'>230000339862</subfield><subfield code='c'>DUZIM_MG</subfield></datafield><datafield ind1=' ' ind2=' ' tag='852'><subfield code='8'>22102558580005068</subfield><subfield code='j'>0</subfield><subfield code='h'>Powieść obyczajowa Tek Zac 181692/N Lit. polska</subfield><subfield code='b'>WBP-KIELCE</subfield><subfield code='p'>484273</subfield><subfield code='c'>WYP-WD</subfield></datafield><datafield ind1=' ' ind2=' ' tag='852'><subfield code='8'>22102558610005068</subfield><subfield code='j'>1</subfield><subfield code='h'>Powieść obyczajowa Tek Zac 181693/N Lit. polska</subfield><subfield code='b'>WBP-KIELCE</subfield><subfield code='p'>484272</subfield><subfield code='c'>WYP-WD</subfield></datafield><datafield ind1=' ' ind2=' ' tag='852'><subfield code='8'>2244943750007771</subfield><subfield code='j'>1</subfield><subfield code='b'>CHE_3_BP</subfield><subfield code='p'>K000P2934</subfield><subfield code='c'>BP_WYP</subfield></datafield><datafield ind1=' ' ind2=' ' tag='852'><subfield code='8'>2243933260007771</subfield><subfield code='j'>1</subfield><subfield code='b'>CHE_3_FL</subfield><subfield code='p'>K000L1534</subfield><subfield code='c'>FL_WYP</subfield></datafield><datafield ind1=' ' ind2=' ' tag='852'><subfield code='8'>2244149750007771</subfield><subfield code='j'>0</subfield><subfield code='b'>CHE_1_BG</subfield><subfield code='p'>K158275</subfield><subfield code='c'>W</subfield></datafield><datafield ind1=' ' ind2=' ' tag='852'><subfield code='8'>2243935800007771</subfield><subfield code='j'>0</subfield><subfield code='b'>CHE_4</subfield><subfield code='p'>000D10226</subfield><subfield code='c'>GBP_DOR</subfield></datafield><datafield ind1=' ' ind2=' ' tag='852'><subfield code='8'>2217994980007767</subfield><subfield code='j'>1</subfield><subfield code='b'>ZGI_6_B</subfield><subfield code='p'>B-20404</subfield><subfield code='c'>B</subfield></datafield><datafield ind1=' ' ind2=' ' tag='852'><subfield code='8'>2215828760007767</subfield><subfield code='j'>1</subfield><subfield code='b'>BG MPBP Zgierz</subfield><subfield code='p'>20034471</subfield><subfield code='c'>KZ</subfield></datafield><datafield ind1=' ' ind2=' ' tag='852'><subfield code='8'>2216016890007767</subfield><subfield code='j'>1</subfield><subfield code='b'>F1 MPBP Zgierz</subfield><subfield code='p'>11041725</subfield><subfield code='c'>KZ</subfield></datafield><datafield ind1=' ' ind2=' ' tag='852'><subfield code='8'>2211204690008003</subfield><subfield code='j'>1</subfield><subfield code='b'>LOW_1</subfield><subfield code='p'>800017708000</subfield><subfield code='c'>LOW_1_1</subfield></datafield><datafield ind1=' ' ind2=' ' tag='852'><subfield code='8'>2211159490008003</subfield><subfield code='j'>1</subfield><subfield code='b'>LOW_2_1</subfield><subfield code='p'>000122152000</subfield><subfield code='c'>LOW_2_1_1</subfield></datafield><datafield ind1=' ' ind2=' ' tag='852'><subfield code='8'>2214947680008006</subfield><subfield code='j'>1</subfield><subfield code='b'>LO1_5_3</subfield><subfield code='p'>LO1_5_04935</subfield><subfield code='c'>LO1_5_3_1</subfield></datafield><datafield ind1=' ' ind2=' ' tag='852'><subfield code='8'>2211128770008006</subfield><subfield code='j'>0</subfield><subfield code='b'>LO1_5_4</subfield><subfield code='p'>LO1_5_00583</subfield><subfield code='c'>LO1_5_4_1</subfield></datafield><datafield ind1=' ' ind2=' ' tag='852'><subfield code='8'>2213377470008006</subfield><subfield code='j'>1</subfield><subfield code='b'>LO1_5_1</subfield><subfield code='p'>LO1_5_03030</subfield><subfield code='c'>LO1_5_1_1</subfield></datafield><datafield ind1=' ' ind2=' ' tag='852'><subfield code='8'>2218656960008006</subfield><subfield code='j'>0</subfield><subfield code='b'>LO1_5_2</subfield><subfield code='p'>LO1_5_07548</subfield><subfield code='c'>LO1_5_2_1</subfield></datafield><datafield ind1=' ' ind2=' ' tag='852'><subfield code='8'>2229140000008004</subfield><subfield code='j'>0</subfield><subfield code='b'>SW1_1</subfield><subfield code='p'>SW1_1_00123</subfield><subfield code='c'>SW1_1_1</subfield></datafield><datafield ind1=' ' ind2=' ' tag='852'><subfield code='8'>2229266800008004</subfield><subfield code='j'>1</subfield><subfield code='b'>SW1_3_1</subfield><subfield code='p'>SW1_3_00173</subfield><subfield code='c'>SW1_3_1_1</subfield></datafield><datafield ind1=' ' ind2=' ' tag='852'><subfield code='8'>2229318990008004</subfield><subfield code='j'>1</subfield><subfield code='b'>SW1_5_1</subfield><subfield code='p'>SW1_5_05354</subfield><subfield code='c'>SW1_5_1_1</subfield></datafield><datafield ind1=' ' ind2=' ' tag='852'><subfield code='8'>2229969190008004</subfield><subfield code='j'>1</subfield><subfield code='b'>SW1_5_3</subfield><subfield code='p'>SW1_5_01944</subfield><subfield code='c'>SW1_5_3_1</subfield></datafield><datafield ind1=' ' ind2=' ' tag='852'><subfield code='8'>2229318990008004</subfield><subfield code='j'>1</subfield><subfield code='b'>SW1_5_1</subfield><subfield code='p'>SW1_5_01308</subfield><subfield code='c'>SW1_5_1_1</subfield></datafield><datafield ind1=' ' ind2=' ' tag='852'><subfield code='8'>2238034390008004</subfield><subfield code='j'>0</subfield><subfield code='b'>SW1_4</subfield><subfield code='p'>SW1_4_03585</subfield><subfield code='c'>SW1_4_2</subfield></datafield><datafield ind1=' ' ind2=' ' tag='852'><subfield code='8'>2228887810008004</subfield><subfield code='j'>0</subfield><subfield code='b'>SW1_2</subfield><subfield code='p'>SW1_2_00080</subfield><subfield code='c'>SW1_2_1</subfield></datafield><datafield ind1=' ' ind2=' ' tag='852'><subfield code='8'>2231068060008004</subfield><subfield code='j'>1</subfield><subfield code='b'>SW1_3_2</subfield><subfield code='p'>SW1_3_03748</subfield><subfield code='c'>SW1_3_2_1</subfield></datafield><datafield ind1=' ' ind2=' ' tag='852'><subfield code='8'>2237109660008004</subfield><subfield code='j'>1</subfield><subfield code='b'>SW1_6_7</subfield><subfield code='p'>SW1_6_08209</subfield><subfield code='c'>SW1_6_7_1</subfield></datafield><datafield ind1=' ' ind2=' ' tag='852'><subfield code='8'>2236987190008004</subfield><subfield code='j'>0</subfield><subfield code='b'>SW1_6_1</subfield><subfield code='p'>SW1_6_07934</subfield><subfield code='c'>SW1_6_1_1</subfield></datafield><datafield ind1=' ' ind2=' ' tag='852'><subfield code='8'>2217596440008005</subfield><subfield code='j'>1</subfield><subfield code='b'>SW2_4_4</subfield><subfield code='p'>MBPSF6-0023216</subfield><subfield code='c'>SW2_4_4_2</subfield></datafield><datafield ind1=' ' ind2=' ' tag='852'><subfield code='8'>2210404160008005</subfield><subfield code='j'>1</subfield><subfield code='b'>SW2_1_3</subfield><subfield code='p'>SW2_1_0001787</subfield><subfield code='c'>SW2_1_3_1</subfield></datafield><datafield ind1=' ' ind2=' ' tag='852'><subfield code='8'>2210488130008005</subfield><subfield code='j'>1</subfield><subfield code='b'>SW2_7</subfield><subfield code='p'>SW2_7_02206</subfield><subfield code='c'>SW2_7_1</subfield></datafield><datafield ind1=' ' ind2=' ' tag='852'><subfield code='8'>2210488130008005</subfield><subfield code='j'>1</subfield><subfield code='b'>SW2_7</subfield><subfield code='p'>SW2_7_01857</subfield><subfield code='c'>SW2_7_1</subfield></datafield><datafield ind1=' ' ind2=' ' tag='852'><subfield code='8'>229800370008005</subfield><subfield code='j'>1</subfield><subfield code='b'>SW2_4_1</subfield><subfield code='p'>MBPS-0011377</subfield><subfield code='c'>SW2_4_1_2</subfield></datafield><datafield ind1=' ' ind2=' ' tag='852'><subfield code='8'>228879310008005</subfield><subfield code='j'>1</subfield><subfield code='b'>SW2_3</subfield><subfield code='p'>SW2_3_0000061</subfield><subfield code='c'>SW2_3_2</subfield></datafield><datafield ind1=' ' ind2=' ' tag='852'><subfield code='8'>2210089840008005</subfield><subfield code='j'>1</subfield><subfield code='b'>SW2_6_2</subfield><subfield code='p'>SW2_6_01886</subfield><subfield code='c'>SW2_6_2_1</subfield></datafield><datafield ind1=' ' ind2=' ' tag='852'><subfield code='8'>2228947090007766</subfield><subfield code='j'>0</subfield><subfield code='b'>F1_ZAM_1</subfield><subfield code='p'>10391569</subfield><subfield code='c'>ZAM1_F1_M</subfield></datafield><datafield ind1=' ' ind2=' ' tag='852'><subfield code='8'>2230688570007766</subfield><subfield code='j'>1</subfield><subfield code='b'>ZAM_4_GBP</subfield><subfield code='p'>40679</subfield><subfield code='c'>GBP_W</subfield></datafield><datafield ind1=' ' ind2=' ' tag='852'><subfield code='8'>229904720007768</subfield><subfield code='j'>1</subfield><subfield code='b'>KUT_1_BG</subfield><subfield code='p'>212286</subfield><subfield code='c'>6300</subfield></datafield><datafield ind1=' ' ind2=' ' tag='852'><subfield code='8'>229865540007768</subfield><subfield code='j'>1</subfield><subfield code='b'>KUT_1_F4</subfield><subfield code='p'>4F020636</subfield><subfield code='c'>6313</subfield></datafield><datafield ind1=' ' ind2=' ' tag='852'><subfield code='8'>229904720007768</subfield><subfield code='j'>1</subfield><subfield code='b'>KUT_1_BG</subfield><subfield code='p'>212287</subfield><subfield code='c'>6300</subfield></datafield><datafield ind1=' ' ind2=' ' tag='852'><subfield code='8'>2226738310007769</subfield><subfield code='j'>1</subfield><subfield code='b'>SKI_5_GBP</subfield><subfield code='p'>23611</subfield><subfield code='c'>GBP_WD</subfield></datafield><datafield ind1=' ' ind2=' ' tag='852'><subfield code='8'>2219363430007769</subfield><subfield code='j'>1</subfield><subfield code='b'>SKI_1_F1</subfield><subfield code='p'>100059906000</subfield><subfield code='c'>4</subfield></datafield><datafield ind1=' ' ind2=' ' tag='852'><subfield code='8'>2219452120007769</subfield><subfield code='j'>1</subfield><subfield code='b'>SKI_1_F2</subfield><subfield code='p'>200071494000</subfield><subfield code='c'>7</subfield></datafield><datafield ind1=' ' ind2=' ' tag='852'><subfield code='8'>2219353520007769</subfield><subfield code='j'>0</subfield><subfield code='b'>SKI_1_MBP</subfield><subfield code='p'>000187873000</subfield><subfield code='c'>0</subfield></datafield><datafield ind1=' ' ind2=' ' tag='852'><subfield code='8'>2232878880007770</subfield><subfield code='j'>1</subfield><subfield code='b'>TOM_1_BG</subfield><subfield code='p'>188065</subfield><subfield code='c'>M</subfield></datafield><datafield ind1=' ' ind2=' ' tag='852'><subfield code='8'>2233878410007770</subfield><subfield code='j'>1</subfield><subfield code='b'>TOM_2_GBP</subfield><subfield code='p'>TOM_2_0000977</subfield><subfield code='c'>A</subfield></datafield><datafield ind1=' ' ind2=' ' tag='852'><subfield code='8'>2214490890007773</subfield><subfield code='j'>0</subfield><subfield code='b'>WIE_1_F1</subfield><subfield code='p'>552019237000</subfield><subfield code='c'>G</subfield></datafield><datafield ind1=' ' ind2=' ' tag='852'><subfield code='8'>2210249960007773</subfield><subfield code='j'>0</subfield><subfield code='h'>82-3</subfield><subfield code='b'>WIE_1_BG</subfield><subfield code='p'>550135597000</subfield><subfield code='c'>4</subfield></datafield><datafield ind1=' ' ind2=' ' tag='852'><subfield code='8'>2211243200007772</subfield><subfield code='j'>0</subfield><subfield code='b'>F1</subfield><subfield code='p'>301038083000</subfield><subfield code='c'>F1</subfield></datafield><datafield ind1=' ' ind2=' ' tag='852'><subfield code='8'>2211272550007772</subfield><subfield code='j'>0</subfield><subfield code='b'>MBP</subfield><subfield code='p'>300123922000</subfield><subfield code='c'>MBP_WYPO</subfield></datafield><datafield ind1=' ' ind2=' ' tag='852'><subfield code='8'>2214161400007772</subfield><subfield code='j'>1</subfield><subfield code='b'>FJA</subfield><subfield code='p'>306017686</subfield><subfield code='c'>F_JA</subfield></datafield><datafield ind1=' ' ind2=' ' tag='852'><subfield code='8'>2214302900007772</subfield><subfield code='j'>1</subfield><subfield code='b'>FKR</subfield><subfield code='p'>307015524</subfield><subfield code='c'>F_KR</subfield></datafield><datafield ind1=' ' ind2=' ' tag='852'><subfield code='8'>2211237310007772</subfield><subfield code='j'>0</subfield><subfield code='b'>F2</subfield><subfield code='p'>302010971000</subfield><subfield code='c'>F2</subfield></datafield><datafield ind1=' ' ind2=' ' tag='852'><subfield code='8'>2214214820007772</subfield><subfield code='j'>1</subfield><subfield code='b'>FKO</subfield><subfield code='p'>308020586</subfield><subfield code='c'>F_KO</subfield></datafield><datafield ind1=' ' ind2=' ' tag='852'><subfield code='8'>2212376690007772</subfield><subfield code='j'>1</subfield><subfield code='b'>FAN</subfield><subfield code='p'>305017527</subfield><subfield code='c'>F_AN</subfield></datafield><datafield ind1=' ' ind2=' ' tag='852'><subfield code='8'>2215780640007767</subfield><subfield code='j'>0</subfield><subfield code='b'>F2 MPBP Zgierz</subfield><subfield code='p'>21045859</subfield><subfield code='c'>KZ</subfield></datafield><datafield ind1=' ' ind2=' ' tag='852'><subfield code='8'>2218015820007767</subfield><subfield code='j'>1</subfield><subfield code='b'>ZGI_4</subfield><subfield code='c'>WYPO</subfield></datafield><datafield ind1=' ' ind2=' ' tag='852'><subfield code='8'>2217031430007767</subfield><subfield code='j'>1</subfield><subfield code='b'>ZGI_6_ST</subfield><subfield code='p'>ST-43646</subfield><subfield code='c'>ST</subfield></datafield><datafield ind1=' ' ind2=' ' tag='852'><subfield code='8'>2216066060007767</subfield><subfield code='j'>1</subfield><subfield code='b'>F6 MPBP Zgierz</subfield><subfield code='p'>61020559</subfield><subfield code='c'>KZ</subfield></datafield><datafield ind1=' ' ind2=' ' tag='852'><subfield code='8'>2217405600007767</subfield><subfield code='j'>0</subfield><subfield code='b'>BGOZ</subfield><subfield code='p'>B6376</subfield><subfield code='c'>BGOZ</subfield></datafield><datafield ind1=' ' ind2=' ' tag='852'><subfield code='8'>2215834600007767</subfield><subfield code='j'>1</subfield><subfield code='b'>ZGI_6_FD</subfield><subfield code='p'>FD-15115</subfield><subfield code='c'>FD</subfield></datafield><datafield ind1=' ' ind2=' ' tag='852'><subfield code='b'>48OMNIS_OPO</subfield><subfield code='8'>9927434307907</subfield></datafield><datafield ind1=' ' ind2=' ' tag='852'><subfield code='b'>48OMNIS_PAR</subfield><subfield code='8'>991000172106907912</subfield></datafield><datafield ind1=' ' ind2=' ' tag='852'><subfield code='b'>48OMNIS_RAD</subfield><subfield code='8'>991000882628807910</subfield></datafield><datafield ind1=' ' ind2=' ' tag='852'><subfield code='b'>48OMNIS_TL</subfield><subfield code='8'>991000159799708218</subfield></datafield><datafield ind1=' ' ind2=' ' tag='852'><subfield code='b'>48OMNIS_ZAM</subfield><subfield code='8'>991003927613407766</subfield></datafield><datafield ind1=' ' ind2=' ' tag='852'><subfield code='b'>48OMNIS_KUT</subfield><subfield code='8'>991001171919607768</subfield></datafield><datafield ind1=' ' ind2=' ' tag='852'><subfield code='b'>48OMNIS_SKI</subfield><subfield code='8'>991001722369007769</subfield></datafield><datafield ind1=' ' ind2=' ' tag='852'><subfield code='b'>48OMNIS_TOM</subfield><subfield code='8'>991002280399507770</subfield></datafield><datafield ind1=' ' ind2=' ' tag='852'><subfield code='b'>48OMNIS_WIE</subfield><subfield code='8'>991000877177807773</subfield></datafield><datafield ind1=' ' ind2=' ' tag='852'><subfield code='b'>48OMNIS_ZDU</subfield><subfield code='8'>991001228674007772</subfield></datafield><datafield ind1=' ' ind2=' ' tag='852'><subfield code='b'>48OMNIS_ZGI</subfield><subfield code='8'>991001037981507767</subfield></datafield><datafield ind1=' ' ind2=' ' tag='852'><subfield code='b'>48OMNIS_LOW</subfield><subfield code='8'>991000694464608003</subfield></datafield><datafield ind1=' ' ind2=' ' tag='852'><subfield code='b'>48OMNIS_LO1</subfield><subfield code='8'>991000539524808006</subfield></datafield><datafield ind1=' ' ind2=' ' tag='852'><subfield code='b'>48OMNIS_SW1</subfield><subfield code='8'>991656989207608004</subfield></datafield><datafield ind1=' ' ind2=' ' tag='852'><subfield code='b'>48OMNIS_SW2</subfield><subfield code='8'>991000736988208005</subfield></datafield><datafield ind1=' ' ind2=' ' tag='852'><subfield code='8'>2248165380007666</subfield><subfield code='j'>1</subfield><subfield code='b'>F4</subfield><subfield code='p'>016046906</subfield><subfield code='c'>F4DOROSLI</subfield></datafield><datafield ind1=' ' ind2=' ' tag='852'><subfield code='8'>2247847040007666</subfield><subfield code='j'>1</subfield><subfield code='b'>F5</subfield><subfield code='p'>005035392</subfield><subfield code='c'>F5DOROSLI</subfield></datafield><datafield ind1=' ' ind2=' ' tag='852'><subfield code='8'>2247503520007666</subfield><subfield code='j'>0</subfield><subfield code='b'>F3</subfield><subfield code='p'>003057299</subfield><subfield code='c'>F3DOROSLI</subfield></datafield><datafield ind1=' ' ind2=' ' tag='852'><subfield code='8'>2247849040007666</subfield><subfield code='j'>1</subfield><subfield code='b'>F7</subfield><subfield code='p'>101062513</subfield><subfield code='c'>F7DOROSLI</subfield></datafield><datafield ind1=' ' ind2=' ' tag='852'><subfield code='8'>2247671220007666</subfield><subfield code='j'>1</subfield><subfield code='b'>F6</subfield><subfield code='p'>015061513</subfield><subfield code='c'>F6DOROSLI</subfield></datafield><datafield ind1=' ' ind2=' ' tag='852'><subfield code='8'>2248012720007666</subfield><subfield code='j'>1</subfield><subfield code='b'>BNiL</subfield><subfield code='p'>100130123</subfield><subfield code='c'>PARTER</subfield></datafield><datafield ind1=' ' ind2=' ' tag='852'><subfield code='8'>22154001890007661</subfield><subfield code='j'>1</subfield><subfield code='b'>10000</subfield><subfield code='p'>1011338114</subfield><subfield code='c'>U_BGmag</subfield></datafield><datafield ind1=' ' ind2=' ' tag='852'><subfield code='8'>22112065200007662</subfield><subfield code='j'>0</subfield><subfield code='b'>27</subfield><subfield code='p'>4001457644</subfield><subfield code='c'>27</subfield></datafield><datafield ind1=' ' ind2=' ' tag='852'><subfield code='b'>48OMNIS_NETWORK</subfield><subfield code='8'>9912847777205606</subfield></datafield><datafield ind1=' ' ind2=' ' tag='852'><subfield code='b'>48OMNIS_BE</subfield><subfield code='8'>991002895979707666</subfield></datafield><datafield ind1=' ' ind2=' ' tag='852'><subfield code='b'>48OMNIS_UMCS</subfield><subfield code='8'>991008978394107661</subfield></datafield><datafield ind1=' ' ind2=' ' tag='852'><subfield code='b'>48OMNIS_BPW</subfield><subfield code='8'>991053641762708207</subfield></datafield><datafield ind1=' ' ind2=' ' tag='852'><subfield code='b'>48OMNIS_NLOP</subfield><subfield code='8'>991053051942005066</subfield></datafield><datafield ind1=' ' ind2=' ' tag='852'><subfield code='b'>48OMNIS_KUL</subfield><subfield code='8'>991008941380506831</subfield></datafield><datafield ind1=' ' ind2=' ' tag='852'><subfield code='b'>48OMNIS_KBP</subfield><subfield code='8'>990007561600108412</subfield></datafield><datafield ind1=' ' ind2=' ' tag='852'><subfield code='b'>48OMNIS_KPS</subfield><subfield code='8'>990009090490208415</subfield></datafield><datafield ind1=' ' ind2=' ' tag='852'><subfield code='b'>48OMNIS_BOL</subfield><subfield code='8'>990014319860308413</subfield></datafield><datafield ind1=' ' ind2=' ' tag='852'><subfield code='b'>48OMNIS_GLO</subfield><subfield code='8'>990014317160308411</subfield></datafield><datafield ind1=' ' ind2=' ' tag='852'><subfield code='b'>48OMNIS_MBP</subfield><subfield code='8'>993820779507662</subfield></datafield><datafield ind1=' ' ind2=' ' tag='852'><subfield code='b'>48OMNIS_MBPG</subfield><subfield code='8'>991001202899708210</subfield></datafield><datafield ind1=' ' ind2=' ' tag='852'><subfield code='b'>48OMNIS_UJA</subfield><subfield code='8'>991016831032305067</subfield></datafield><datafield ind1=' ' ind2=' ' tag='852'><subfield code='b'>48OMNIS_UMKWT</subfield><subfield code='8'>991017060046406926</subfield></datafield><datafield ind1=' ' ind2=' ' tag='852'><subfield code='b'>48OMNIS_UOP</subfield><subfield code='8'>990008936350108206</subfield></datafield><datafield ind1=' ' ind2=' ' tag='852'><subfield code='b'>48OMNIS_UOW</subfield><subfield code='8'>991017070539708831</subfield></datafield><datafield ind1=' ' ind2=' ' tag='852'><subfield code='b'>48OMNIS_WBPO</subfield><subfield code='8'>991007849941207665</subfield></datafield><datafield ind1=' ' ind2=' ' tag='852'><subfield code='b'>48OMNIS_MPL</subfield><subfield code='8'>991002617169805069</subfield></datafield><datafield ind1=' ' ind2=' ' tag='852'><subfield code='b'>48OMNIS_WBPL</subfield><subfield code='8'>991053132759208836</subfield></datafield><datafield ind1=' ' ind2=' ' tag='852'><subfield code='b'>48OMNIS_RPL</subfield><subfield code='8'>991003741397605068</subfield></datafield><datafield ind1=' ' ind2=' ' tag='852'><subfield code='b'>48OMNIS_CHE</subfield><subfield code='8'>99128401907771</subfield></datafield><datafield ind1=' ' ind2=' ' tag='852'><subfield code='b'>48OMNIS_JAN</subfield><subfield code='8'>991000222429107911</subfield></datafield><datafield ind1=' ' ind2=' ' tag='852'><subfield code='b'>48OMNIS_KR</subfield><subfield code='8'>991000704779608216</subfield></datafield><datafield ind1=' ' ind2=' ' tag='852'><subfield code='b'>48OMNIS_KRA</subfield><subfield code='8'>991000715667308007</subfield></datafield><datafield ind1=' ' ind2=' ' tag='852'><subfield code='8'>22117099530007662</subfield><subfield code='j'>1</subfield><subfield code='b'>54</subfield><subfield code='p'>4001522608</subfield><subfield code='c'>54</subfield></datafield><datafield ind1=' ' ind2=' ' tag='852'><subfield code='8'>22114402530007662</subfield><subfield code='j'>1</subfield><subfield code='b'>14</subfield><subfield code='p'>4001485945</subfield><subfield code='c'>14</subfield></datafield><datafield ind1=' ' ind2=' ' tag='852'><subfield code='8'>22111658590007662</subfield><subfield code='j'>1</subfield><subfield code='b'>02</subfield><subfield code='p'>4001450866</subfield><subfield code='c'>02</subfield></datafield><datafield ind1=' ' ind2=' ' tag='852'><subfield code='8'>22113777490007662</subfield><subfield code='j'>1</subfield><subfield code='b'>17</subfield><subfield code='p'>4001477880</subfield><subfield code='c'>17</subfield></datafield><datafield ind1=' ' ind2=' ' tag='852'><subfield code='8'>22113171930007662</subfield><subfield code='j'>1</subfield><subfield code='b'>10</subfield><subfield code='p'>4001470404</subfield><subfield code='c'>10</subfield></datafield><datafield ind1=' ' ind2=' ' tag='852'><subfield code='8'>22111581370007662</subfield><subfield code='j'>1</subfield><subfield code='b'>47</subfield><subfield code='p'>4001450112</subfield><subfield code='c'>47</subfield></datafield><datafield ind1=' ' ind2=' ' tag='852'><subfield code='8'>22115512670007662</subfield><subfield code='j'>0</subfield><subfield code='b'>23</subfield><subfield code='p'>4001501491</subfield><subfield code='c'>23</subfield></datafield><datafield ind1=' ' ind2=' ' tag='852'><subfield code='8'>22113110360007662</subfield><subfield code='j'>1</subfield><subfield code='b'>40</subfield><subfield code='p'>4001468658</subfield><subfield code='c'>40</subfield></datafield><datafield ind1=' ' ind2=' ' tag='852'><subfield code='8'>22111773260007662</subfield><subfield code='j'>0</subfield><subfield code='b'>57</subfield><subfield code='p'>4001452698</subfield><subfield code='c'>57</subfield></datafield><datafield ind1=' ' ind2=' ' tag='852'><subfield code='8'>22111721600007662</subfield><subfield code='j'>1</subfield><subfield code='b'>20</subfield><subfield code='p'>4001451523</subfield><subfield code='c'>20</subfield></datafield><datafield ind1=' ' ind2=' ' tag='852'><subfield code='8'>22124149960007662</subfield><subfield code='j'>1</subfield><subfield code='b'>37</subfield><subfield code='p'>4001620530</subfield><subfield code='c'>37</subfield></datafield><datafield ind1=' ' ind2=' ' tag='852'><subfield code='8'>22116523640007662</subfield><subfield code='j'>1</subfield><subfield code='b'>03</subfield><subfield code='p'>4001515176</subfield><subfield code='c'>03</subfield></datafield><datafield ind1=' ' ind2=' ' tag='852'><subfield code='8'>22123715080007662</subfield><subfield code='j'>1</subfield><subfield code='b'>04</subfield><subfield code='p'>4001610595</subfield><subfield code='c'>04</subfield></datafield><datafield ind1=' ' ind2=' ' tag='852'><subfield code='8'>22115062240007662</subfield><subfield code='j'>1</subfield><subfield code='b'>01</subfield><subfield code='p'>4001496144</subfield><subfield code='c'>01</subfield></datafield><datafield ind1=' ' ind2=' ' tag='852'><subfield code='8'>22113391660007662</subfield><subfield code='j'>1</subfield><subfield code='b'>55</subfield><subfield code='p'>4001472295</subfield><subfield code='c'>55</subfield></datafield><datafield ind1=' ' ind2=' ' tag='852'><subfield code='8'>22112017340007662</subfield><subfield code='j'>0</subfield><subfield code='b'>05</subfield><subfield code='p'>4001457084</subfield><subfield code='c'>05</subfield></datafield><datafield ind1=' ' ind2=' ' tag='852'><subfield code='8'>22111747880007662</subfield><subfield code='j'>0</subfield><subfield code='b'>29</subfield><subfield code='p'>4001452301</subfield><subfield code='c'>29</subfield></datafield><datafield ind1=' ' ind2=' ' tag='852'><subfield code='8'>22115175840007662</subfield><subfield code='j'>0</subfield><subfield code='b'>16</subfield><subfield code='p'>4001497756</subfield><subfield code='c'>16</subfield></datafield><datafield ind1=' ' ind2=' ' tag='852'><subfield code='8'>22112378610007662</subfield><subfield code='j'>0</subfield><subfield code='b'>44</subfield><subfield code='p'>4001460941</subfield><subfield code='c'>44</subfield></datafield><datafield ind1=' ' ind2=' ' tag='852'><subfield code='8'>22810950400008210</subfield><subfield code='j'>1</subfield><subfield code='b'>F16</subfield><subfield code='p'>12198475</subfield><subfield code='c'>lok16</subfield></datafield><datafield ind1=' ' ind2=' ' tag='852'><subfield code='8'>22800468670008210</subfield><subfield code='j'>1</subfield><subfield code='b'>F04</subfield><subfield code='p'>12103070</subfield><subfield code='c'>lok04</subfield></datafield><datafield ind1=' ' ind2=' ' tag='852'><subfield code='8'>22800468690008210</subfield><subfield code='j'>1</subfield><subfield code='b'>F16</subfield><subfield code='p'>11060881</subfield><subfield code='c'>UBYTKI_F16</subfield></datafield><datafield ind1=' ' ind2=' ' tag='852'><subfield code='8'>22800488490008210</subfield><subfield code='j'>0</subfield><subfield code='b'>F09</subfield><subfield code='p'>12131297</subfield><subfield code='c'>lok09</subfield><subfield code='z'>Zamówienia z magazynu realizowane są w ciągu kilku dni roboczych</subfield></datafield><datafield ind1=' ' ind2=' ' tag='852'><subfield code='8'>22834149760008207</subfield><subfield code='j'>1</subfield><subfield code='h'>Z.796459 [w]</subfield><subfield code='b'>BPW_K</subfield><subfield code='p'>BPW00588223</subfield><subfield code='c'>ZAS_W</subfield></datafield><datafield ind1=' ' ind2=' ' tag='852'><subfield code='8'>22715612890005066</subfield><subfield code='j'>1</subfield><subfield code='h'>3.223.482 A</subfield><subfield code='b'>BN_PL</subfield><subfield code='p'>30001032061176</subfield><subfield code='c'>bk1</subfield></datafield><datafield ind1=' ' ind2=' ' tag='852'><subfield code='8'>22715612810005066</subfield><subfield code='j'>1</subfield><subfield code='h'>3.622.443</subfield><subfield code='b'>BN_PL</subfield><subfield code='p'>30001032061183</subfield><subfield code='c'>bk8</subfield></datafield><datafield ind1=' ' ind2=' ' tag='852'><subfield code='8'>22378790020006831</subfield><subfield code='j'>1</subfield><subfield code='h'>746733 II</subfield><subfield code='b'>BuKul</subfield><subfield code='p'>1001374105</subfield><subfield code='c'>BG_Magazyn</subfield></datafield><datafield ind1=' ' ind2=' ' tag='852'><subfield code='8'>22750655200008412</subfield><subfield code='j'>1</subfield><subfield code='b'>01</subfield><subfield code='p'>13324384</subfield><subfield code='c'>01WYP</subfield></datafield><datafield ind1=' ' ind2=' ' tag='852'><subfield code='8'>22750655160008412</subfield><subfield code='j'>1</subfield><subfield code='b'>06</subfield><subfield code='p'>13324407</subfield><subfield code='c'>06WYP</subfield></datafield><datafield ind1=' ' ind2=' ' tag='852'><subfield code='8'>22750655180008412</subfield><subfield code='j'>0</subfield><subfield code='b'>05</subfield><subfield code='p'>13324391</subfield><subfield code='c'>05WYP</subfield></datafield><datafield ind1=' ' ind2=' ' tag='852'><subfield code='8'>22763470400008415</subfield><subfield code='j'>1</subfield><subfield code='b'>KP</subfield><subfield code='p'>000035758778</subfield><subfield code='c'>WG</subfield><subfield code='z'>884-3 MAG</subfield></datafield><datafield ind1=' ' ind2=' ' tag='852'><subfield code='8'>22763470400008415</subfield><subfield code='j'>1</subfield><subfield code='b'>KP</subfield><subfield code='p'>000035758785</subfield><subfield code='c'>WG</subfield><subfield code='z'>884-3</subfield></datafield><datafield ind1=' ' ind2=' ' tag='852'><subfield code='8'>22763470430008415</subfield><subfield code='j'>1</subfield><subfield code='b'>KP</subfield><subfield code='p'>000035600329</subfield><subfield code='c'>CN</subfield><subfield code='z'>N737018</subfield></datafield><datafield ind1=' ' ind2=' ' tag='852'><subfield code='8'>22742233070008413</subfield><subfield code='j'>0</subfield><subfield code='b'>001WD</subfield><subfield code='p'>00101-000187560</subfield><subfield code='c'>WD</subfield></datafield><datafield ind1=' ' ind2=' ' tag='852'><subfield code='8'>22742233090008413</subfield><subfield code='j'>1</subfield><subfield code='b'>001F</subfield><subfield code='p'>00101-003027491</subfield><subfield code='c'>F</subfield></datafield><datafield ind1=' ' ind2=' ' tag='852'><subfield code='8'>22725860090008411</subfield><subfield code='j'>1</subfield><subfield code='b'>014F2</subfield><subfield code='p'>01411-100047325</subfield><subfield code='c'>F2D</subfield><subfield code='z'>11/22</subfield></datafield><datafield ind1=' ' ind2=' ' tag='852'><subfield code='8'>22725860130008411</subfield><subfield code='j'>1</subfield><subfield code='b'>014F1</subfield><subfield code='p'>01408-100066831</subfield><subfield code='c'>F1D</subfield><subfield code='z'>11/22</subfield></datafield><datafield ind1=' ' ind2=' ' tag='852'><subfield code='8'>22725860150008411</subfield><subfield code='j'>1</subfield><subfield code='b'>014CW</subfield><subfield code='p'>01405-100132608</subfield><subfield code='c'>CW</subfield><subfield code='z'>11/22</subfield></datafield><datafield ind1=' ' ind2=' ' tag='852'><subfield code='8'>22116513790007662</subfield><subfield code='j'>1</subfield><subfield code='b'>18</subfield><subfield code='p'>4001514775</subfield><subfield code='c'>18</subfield></datafield><datafield ind1=' ' ind2=' ' tag='852'><subfield code='8'>22113717830007662</subfield><subfield code='j'>1</subfield><subfield code='b'>42</subfield><subfield code='p'>4001476505</subfield><subfield code='c'>42</subfield></datafield><datafield ind1=' ' ind2=' ' tag='852'><subfield code='8'>22114078920007662</subfield><subfield code='j'>0</subfield><subfield code='b'>32</subfield><subfield code='p'>4001481984</subfield><subfield code='c'>32</subfield></datafield><datafield ind1=' ' ind2=' ' tag='852'><subfield code='8'>22111942500007662</subfield><subfield code='j'>1</subfield><subfield code='b'>12</subfield><subfield code='p'>4001454446</subfield><subfield code='c'>12</subfield></datafield><datafield ind1=' ' ind2=' ' tag='852'><subfield code='8'>22111806370007662</subfield><subfield code='j'>1</subfield><subfield code='b'>09</subfield><subfield code='p'>4001453264</subfield><subfield code='c'>09</subfield></datafield><datafield ind1=' ' ind2=' ' tag='852'><subfield code='8'>22115871740007662</subfield><subfield code='j'>1</subfield><subfield code='b'>46</subfield><subfield code='p'>4001506565</subfield><subfield code='c'>46</subfield></datafield><datafield ind1=' ' ind2=' ' tag='852'><subfield code='8'>22111702170007662</subfield><subfield code='j'>0</subfield><subfield code='b'>11</subfield><subfield code='p'>4001451144</subfield><subfield code='c'>11</subfield></datafield><datafield ind1=' ' ind2=' ' tag='852'><subfield code='8'>22109971610007662</subfield><subfield code='j'>1</subfield><subfield code='b'>45</subfield><subfield code='p'>4001449686</subfield><subfield code='c'>45</subfield></datafield><datafield ind1=' ' ind2=' ' tag='852'><subfield code='8'>22114523720007662</subfield><subfield code='j'>0</subfield><subfield code='b'>22</subfield><subfield code='p'>4001488621</subfield><subfield code='c'>22</subfield></datafield><datafield ind1=' ' ind2=' ' tag='920'><subfield code='a'>978-83-8280-266-5 (oprawa miękka) : zł 44,90</subfield></datafield></record>
  </collection>
</resp>
